000 00538nam a2200193Ia 4500
005 20250326141113.0
008 250326s9999 xx 000 0 und d
020 _a0-8039-3092-5
037 _aTextbook
040 _aFMSL
_beng
_cFMSL
041 _aeng
_2eng
084 _aSIGMA:f N0
_qFMSL
100 _aFowler F J
_9700950
245 0 _aStandardized survey interviewing
_cFowler F J; Mangione T W
260 _aLondon
_bLondon, Sage
_c1990
300 _a151p
942 _cTB
_hSIGMA:f N0
999 _c1288716
_d1288716